000 02346nam0a2200421 4500
001 RU\NLR\bibl\998546
005 20260406134637.0
010 _a5-8044-0600-0
021 _aRU
_b2006-51597
_92545
035 _a(nilc)RSL-KNO-002926928
035 _a(NLR Aleph) 000986288
090 _a490700
_c490700
100 _a20060906d2006 |||y0rusy50 ca
101 0 _arus
102 _aRU
105 _aa |||||||||
106 _ar
200 1 _aМолодые ученые - агропромышленному производству Дальнего Востока
_eсборник научных трудов молодых ученых
_fРоссийская акад. с.-х. наук, Дальневосточный науч.-методический центр, Гос. науч. учреждение Приморский науч.-исследовательский ин-т сельского хоз-ва
_g[редкол.: А.К. Чайка (отв. ред.) и др.]
210 _aВладивосток
_cДальнаука
_d2006
215 _a232, [1] с.
_cил., табл.
_d24
320 _aБиблиогр. в конце ст.
606 1 _aСельское хозяйство
_jСборники
_yРоссийская Федерация
_yДальний Восток
_92125584
_3RU\NLR\auth\661283044
610 0 _aСельское и лесное хозяйство. Сельскохозяйственные и лесохозяйственные науки -- Сборник
610 0 _aСельское и лесное хозяйство. Сельскохозяйственные и лесохозяйственные науки -- Российская Федерация -- Дальний Восток -- Сборник
686 _aП.я43
_2rubbk
686 _aП9(2Р55)я43,0
_2rubbk
686 _aП9(2Р55)я43
702 1 _aЧайка
_bА. К.
_gАнатолий Климентьевич
_4340
712 0 2 _4570
_aПриморский НИИ сельского хозяйства
_cпос. Тимирязевский, Приморский край
_9331480
_3RU\NLR\AUTH\889917663
801 0 _aRU
_bРКП
_c20060906
_grcr
801 1 _aRU
_bРГБ
_c20060906
801 2 _aRU
_bNLR
_c20061018
_grcr
830 _aпо ЭК
942 _cBOOK
980 _aNB
980 _aNBR